Missing Word: Mockingbird Characters Quiz Stats

 Plays Quiz Updated Jul 29, 2014

Support Sporcle.
Go Orange.
Score 0/20 Timer 03:00
0 Plays Today
Name Missing Word % Correct
Atticus _____Finch
99.5%
Arthur 'Boo' _____Radley
82%
Jean Louise '_____' FinchScout
72.2%
Jeremy Atticus '_____' FinchJem
65.6%
Tom _____Robinson
41%
Charles Baker '_____' HarrisDill
40.4%
Mayella 'Violet' _____Ewell
39.3%
_____ TateHeck
33.2%
Mrs. Henry Lafayette _____Dubose
27.2%
Aunt _____ HancockAlexandra
26.8%
Name Missing Word % Correct
Judge John _____Taylor
25.2%
Dolphus _____Raymond
24.2%
Miss Maude _____Atkinson
23.7%
Link _____Deas
20.6%
Reverend _____Sykes
20.2%
Little Chuck _____Little
15.5%
Miss Rachel _____Haverford
6%
_____ GilmerHorace
5.6%
The _____ SistersBarber
4.5%
_____ GreenMaxwell
3.4%

Today's Daily Dose

Word Ladder
ELT Words

You're not logged in!

Compare scores with friends on all Sporcle quizzes.
OR
Log In

From the Vault

Ring in the New

by UnitedEditors

Should old acquaintance be forgot...
Remove Ads.
Support Sporcle.
Get the best of Sporcle when you Go Orange. This ad-free experience offers more features, more stats, and more fun while also helping to support Sporcle. Thank you for becoming a member.

Show Comments

Extras

Top Quizzes Today


Score Distribution

Your Account Isn't Verified!

In order to create a playlist on Sporcle, you need to verify the email address you used during registration. Go to your Sporcle Settings to finish the process.

Report this User

Report this user for behavior that violates our Community Guidelines.

Details: